000 00395nam a2200145Ia 4500
008 240729s9999 xx 000 0 und d
022 _a2395-0145
245 0 _aMAMC Journal of Medical Sciences
260 _aIndia
260 _bWolters Kluwer Medknow Publications
650 _aMedicine
856 _uhttps://doaj.org/toc/114ae86f4eed43368a37f0e9b457d0b4
942 _2ddc
942 _cDOAJEJ
999 _c70304
_d70304
945 _a1
_bMadushi Gamage
_c1
_dMadushi Gamage